000 00761nam a2200253 4500
003 OSt
005 20260601193402.0
008 260506b2004 nyua|||| |||| 00| 0 eng d
020 _a0060730773
040 _aICI
_bspa
_cICI
041 _aeng
050 _aHD59.2
_bA54 2005
100 1 _aCarter, David E.,
_eeditor
_935112
245 1 _aAmerican Corporate Identity 2005/
_cCarter, David E.,
264 _aNew York, New York :
_bHarper Design International,
_c2004
300 _a320 páginas :
_bilustraciones
336 _atexto
_2rdacontent
337 _asin medio
_2rdamedia
338 _avolumen
_2rdacarrier
650 _aArte comercial
_935113
650 _aImagen corporativa
_935114
700 _aCarter, David E.,
_eeditor
_935112
942 _2lcc
_cB
_n1
999 _c21020
_d21020